书目信息 |
| 题名: |
中魔的镜子
|
|
| 作者: | 耿占春 著 | |
| 分册: | ||
| 出版信息: | 上海 学林出版社 2002 |
|
| 页数: | 277页 | |
| 开本: | 21cm | |
| 丛书名: | 黑客文丛 | |
| 单 册: | ||
| 中图分类: | I206.7 | |
| 科图分类: | ||
| 主题词: | 文学--当代文学--文学评论--中国 | |
| 电子资源: | ||
| ISBN: | 7-80668-207-4 | |
| 000 | 00613nam0 2200229 45 | |
| 001 | 0501061038 | |
| 005 | 20050106101648.3 | |
| 010 | @a7-80668-207-4@dCNY17.00 | |
| 100 | @a20050106d2002 km y0chiy0120 ea | |
| 101 | 0 | @achi |
| 102 | @aCN@b310000 | |
| 200 | 1 | @a中魔的镜子@AZhong Mo De Jing Zi@f耿占春著 |
| 210 | @a上海@c学林出版社@d2002 | |
| 215 | @a277页@d21cm | |
| 225 | @a黑客文丛 | |
| 410 | @12001 @a黑客文丛 | |
| 606 | 0 | @a文学@x当代文学@x文学评论@y中国 |
| 690 | @aI206.7@v4 | |
| 701 | 0 | @a耿占春@AGeng Zhan Chun@4著 |
| 801 | @aCN@bAHTY@c20050106 | |
| 905 | @aBZT@dI206.7@e2 | |
| 906 | @dCNY17.00@n0@r1 | |
| 中魔的镜子/耿占春著.-上海:学林出版社,2002 |
| 277页;21cm.-(黑客文丛) |
| ISBN 7-80668-207-4:CNY17.00 |
| ● |
| 相关链接 |
|
|
|
正题名:中魔的镜子
索取号:I206.7/2
 
预约/预借
| 序号 | 登录号 | 条形码 | 馆藏地/架位号 | 状态 | 备注 |
| 1 | 391256 | 210044085 | 中心书库中库/打包BH0955/ [索取号:I206.7/2] | 在馆 | |
| 2 | 391257 | 210044076 | 中心书库中库/打包BH0955/ [索取号:I206.7/2] | 在馆 | |
| 3 | 391258 | 210044101 | 中心书库中库/打包BH0955/ [索取号:I206.7/2] | 在馆 | |
| 4 | 391259 | 210044094 | 中心书库中库/打包BH0955/ [索取号:I206.7/2] | 在馆 | |
| 5 | 391260 | 210044129 | 中心书库中库/打包BH0955/ [索取号:I206.7/2] | 在馆 | |
| 6 | 391261 | 210044110 | 中心书库中库/打包BH0955/ [索取号:I206.7/2] | 在馆 | |
| 7 | 391262 | 210044147 | 中心书库中库/打包BH0955/ [索取号:I206.7/2] | 在馆 | |
| 8 | 391263 | 210044138 | 中心书库中库/打包BH0955/ [索取号:I206.7/2] | 在馆 | |
| 9 | 391264 | 210044165 | 中心书库中库/打包BH0955/ [索取号:I206.7/2] | 在馆 |